书目信息 |
| 题名: |
社会党国际
|
|
| 作者: | 西比列夫 , Сибилев 著 ;姜汉章 译 | |
| 分册: | ||
| 出版信息: | 北京 中国社会科学出版社 1983 |
|
| 页数: | 339页 | |
| 开本: | 19cm | |
| 丛书名: | ||
| 单 册: | ||
| 中图分类: | D1 , D564 | |
| 科图分类: | ||
| 主题词: | 国际政治 | |
| 电子资源: | ||
| ISBN: | ||
| 000 | 00968nam0 2200313 45 | |
| 001 | 0183002633 | |
| 005 | 20040421091347.9 | |
| 010 | @dCNY1.00 | |
| 091 | @a17190.31 | |
| 100 | @a19951001d1983 emky0chiy0121 ea | |
| 101 | 1 | @achi@crus |
| 102 | @aCN@b110000 | |
| 105 | @ay z 000yy | |
| 106 | @ar | |
| 200 | 10 | @a社会党国际@Ashe hui dang guo ji@f(苏)西比列夫(Н.Б.Сибилев)著@g姜汉章等译 |
| 210 | @a北京@c中国社会科学出版社@d1983 | |
| 215 | @a339页@d19cm | |
| 300 | @a书名原文:Социалистииеский интернационал | |
| 510 | 1 | @aСоциалистииеский интернационал@zrus |
| 601 | 02 | @a社会党国际@x活动 |
| 606 | 0 | @a国际政治 |
| 690 | @aD1@v3 | |
| 690 | @aD564 | |
| 701 | 1 | @a西比列夫@Axi bi lie fu@bН.Б.@4著 |
| 701 | A1 | @aСибилев@bН.Б.@4著 |
| 702 | 0 | @a姜汉章@Ajiang han zhang@4译 |
| 801 | 0 | @aCN@b上海图书馆@c20040421 |
| 801 | 2 | @aCN@bNLC@c20040421 |
| 905 | @f1@b92613@dD564@e15 | |
| 社会党国际/(苏)西比列夫(Н.Б.Сибилев)著/姜汉章等译.-北京:中国社会科学出版社,1983 |
| 339页;19cm |
| 书名原文:Социалистииеский интернационал |
| ISBN :CNY1.00 |
| ● |
| 相关链接 |
|
|
|
|
正题名:社会党国际
索取号:D564/15
 
预约/预借
| 序号 | 登录号 | 条形码 | 馆藏地/架位号 | 状态 | 备注 |
| 1 | 0092612 | 001761178 | 密集书库/ [索取号:D564/15] | 在馆 | |
| 2 | 0092613 | 000482356 | 第一样本阅览室/ [索取号:D564/15] | 在馆 | |
| 3 | 0092614 | 001761052 | 密集书库/ [索取号:D564/15] | 在馆 |